| 000 | 00458nam a2200097Ia 4500 | ||
|---|---|---|---|
| 008 | 180130s9999 xx 000 0 und d | ||
| 245 |
_cMacKenzie, Robert; Lucio, Miguel Martinez _aRegulating work and employment internationally: the emergence of soft regulation |
||
| 260 | _c2014 | ||
| 300 | _aBook title: International human resource management : an employment relations perspective--Acession number C18843; pages 238-254 | ||
| 650 | _aHUMAN RESOURCE MANAGEMENT | ||
| 999 |
_c353690 _d353690 |
||